| 000 | 00451nam a2200181Ia 4500 | ||
|---|---|---|---|
| 001 | 2057 | ||
| 005 | 20260306143814.0 | ||
| 008 | 260306t2014||||xx |||||||||||||| ||spa|| | ||
| 041 | _aESP | ||
| 082 |
_a611.8 _bK53 |
||
| 100 |
_aKiernan, John A. _eAUT |
||
| 245 | 0 |
_aBarr el sistema nervioso humano: _buna perspectiva anatómica |
|
| 260 | _c2014 | ||
| 300 |
_a423 páginas : _c25 cm. |
||
| 650 | _aGEN | ||
| 654 | _aCPS | ||
| 942 |
_cLIB _dJUS _fJUS _2ddc _n |
||
| 999 |
_c2057 _d2057 |
||